| 000 | 00665nam a2200229Ia 4500 | ||
|---|---|---|---|
| 005 | 20250508162649.0 | ||
| 008 | 008 250505s9999 xx 000 0 eng d | ||
| 020 | _a0-444-85499-1 | ||
| 037 | _aTextual | ||
| 040 |
_aFEDL _beng _cFEDL |
||
| 041 |
_aeng _2eng |
||
| 084 |
_a001.6, RAB _qFEDL |
||
| 100 |
_aRaben Joseph Ed. _9773742 |
||
| 245 | 0 | _aData bases in the humanities and social sciences | |
| 260 |
_aAmsterdam _bNorth-Holland Publishing Company _c1980 |
||
| 300 | _axii,329p. | ||
| 365 |
_aDFL _b125 |
||
| 650 | _aComputer Science | ||
| 700 |
_a Marks Gregory Ed. _9773743 |
||
| 942 |
_cTEXL _h001.6, RAB |
||
| 999 |
_c1377922 _d1377922 |
||